[Event "64th ch-GEO w"]
[Site "Tbilisi GEO"]
[Date "2007.03.04"]
[Round "3"]
[White "Melia,S"]
[Black "Lomineishvili,M"]
[Result "1/2-1/2"]
[WhiteElo "2400"]
[BlackElo "2399"]

1.e4 c5 2.Nf3 Nc6 3.Bb5 g6 4.Bxc6 dxc6 5.O-O Bg7 6.d3 Bg4 7.h3 Bxf3 8.Qxf3 Nf6
9.a4 Nd7 10.Nd2 O-O 11.Qg3 e5 12.Nc4 Qe7 13.Bg5 f6 14.Be3 Nb6 15.Nd2 Kh8
16.a5 Nd7 17.Nc4 b5 18.Nd2 f5 19.Bg5 Qe6 20.exf5 gxf5 21.Qh4 h6 22.Qh5 Qe8
23.Qxe8 Raxe8 24.Bh4 e4 25.dxe4 Bxb2 26.Ra2 Bc3 27.Nb1 Bg7 28.exf5 Rxf5 29.f3 Re2
30.Rd1 Rd5 31.Rxd5 cxd5 32.Kf1 Re6 33.c3 Kg8 34.Re2 Kf7 35.Rxe6 Kxe6 36.Ke2 Nb8
37.Bf2 Nd7 38.g4 d4 39.cxd4 cxd4 40.Na3 a6 41.Nc2 Kd5 42.Nb4+ Kc4 43.Nxa6 b4
44.Nxb4 Kxb4 45.a6 Kc3 46.a7 Nb6 47.f4 Kc2 48.Kf3 Na8 49.Bxd4 Bxd4 50.g5 hxg5
51.fxg5 Bxa7 52.h4 Kd3 53.g6 Bd4 54.h5 Bg7 55.Kf4 Kd4 56.Kg5 Ke5 57.h6 Bf6+
58.Kg4 Ke6 59.g7 Kf7 60.Kf5 Bc3 61.Kg5 Nc7 62.Kf5 Bd2 63.Ke5 Bxh6 64.Kd6 Ne8+
65.Kd5 Bxg7 66.Ke4 Ke6 67.Kf4 Nd6 68.Kg4 Be5 69.Kg5 Kd5 70.Kg4 Ke4 71.Kh4 Kf3
72.Kg5 Kg3 73.Kh5 Kf4 74.Kh4 Nf7 75.Kh3 Kf3 76.Kh4 Bg3+ 77.Kh5 Ne5 78.Kg5 Ke4
79.Kf6 Kd5 80.Kf5 Bh2 81.Kf6 Ke4 82.Ke6 Bf4 83.Kd6 Nd3+ 84.Kc6 Ke5 85.Kb5 Kd5
86.Kb6 Nc5 87.Kb5 Bc7 88.Kb4 Bd8 89.Kb5 Ne6 90.Kb4 Nf4 91.Kb5 Nd3 92.Ka6 Kc6
93.Ka7 Bb6+ 94.Ka8 Nc5 95.Kb8 Ne6 96.Ka8 Nc7+ 97.Kb8 Bc5 98.Kc8 Ba7 99.Kd8 Nd5
100.Ke8 Kd6 101.Kf7 Ke5 102.Kg6 Be3 103.Kh5 Kf4 104.Kh4 Bg1 105.Kh3 Ne3 106.Kh4 Bf2+
107.Kh5 Bg1 108.Kh4 Ng4 109.Kh3 Kf3 110.Kh4  1/2-1/2

[Event "ch-TUR"]
[Site "Ankara TUR"]
[Date "2007.03.05"]
[Round "5"]
[White "Yildiz,B"]
[Black "Esen,B"]
[Result "0-1"]
[WhiteElo "2194"]
[BlackElo "2447"]

1.e4 c5 2.Nf3 Nc6 3.Bb5 e6 4.O-O Nge7 5.c3 a6 6.Ba4 b5 7.Bc2 Bb7 8.Qe2 d5
9.e5 Qb6 10.a3 Rc8 11.Re1 Ng6 12.b4 d4 13.Be4 Be7 14.bxc5 Bxc5 15.a4 b4 16.cxb4 Nf4
17.Qf1 Nxb4 18.a5 Qa7 19.Ba3 O-O 20.Bxb4 Bxb4 21.Ra4 Bc5 22.d3 Nd5 23.Qe2 h6
24.Bxd5 Bxd5 25.Nbd2 Qd7 26.Raa1 Bb4 27.Rab1 Bxa5 28.Nxd4 Bxg2 29.N4b3 Bxd2
30.Nxd2 Bd5 31.Rb4 f5 32.Rb6 Qd8 33.Reb1 Qg5+ 34.Kf1 Rc2 35.Ke1 Rfc8 36.Rb8 Rxb8
37.Rxb8+ Kh7 38.Rb1 Rxd2  0-1

[Event "FSGM March"]
[Site "Budapest HUN"]
[Date "2007.03.07"]
[Round "5"]
[White "Caruana,F"]
[Black "Berczes,D"]
[Result "1-0"]
[WhiteElo "2492"]
[BlackElo "2433"]

1.e4 c5 2.Nf3 Nc6 3.Bb5 g6 4.Bxc6 dxc6 5.d3 Bg7 6.h3 Nh6 7.Nc3 f6 8.Be3 b6
9.a4 Nf7 10.a5 Rb8 11.O-O O-O 12.Nd2 f5 13.exf5 gxf5 14.f4 Nh8 15.axb6 axb6
16.Nf3 Ng6 17.d4 Qc7 18.dxc5 bxc5 19.Qc1 Rb4 20.Ne1 c4 21.Nf3 Rd8 22.Na4 c3
23.bxc3 Nxf4 24.Rf2 Re4 25.Bb6 Qd6 26.Bxd8 Qxd8 27.Qd2 Nd5 28.Nc5 Rc4 29.Nb3 Qb6
30.Kh1 h6 31.Nfd4 f4 32.Qe2 Rxc3 33.Ra8 Re3 34.Rxc8+ Kh7 35.Qh5 Re5 36.Qf7 Nf6
37.Rxf4 Qb4 38.Qxg7+  1-0

[Event "23rd Open"]
[Site "Cappelle la Grande FRA"]
[Date "2007.03.07"]
[Round "6"]
[White "Balogh,C"]
[Black "Vovk,Y"]
[Result "0-1"]
[WhiteElo "2616"]
[BlackElo "2497"]

1.e4 c5 2.Nf3 Nc6 3.Bb5 d6 4.d4 cxd4 5.Qxd4 Bd7 6.Bxc6 Bxc6 7.Nc3 Nf6 8.Bg5 e6
9.O-O-O Be7 10.Qd3 h6 11.Bd2 e5 12.Rhg1 Qd7 13.Nh4 g6 14.g3 O-O-O 15.Qc4 d5
16.exd5 Nxd5 17.Be3 Qc7 18.Nb5 Bxb5 19.Qxb5 Nxe3 20.fxe3 Bc5 21.Ng2 f5 22.Qc4 f4
23.gxf4 exf4 24.Rxd8+ Rxd8 25.Rd1 Rxd1+ 26.Kxd1 Qd6+ 27.Ke2 fxe3 28.Qg4+ Kd8
29.Qg3 Qd2+ 30.Kf3 Qd1+ 31.Ke4 Qxc2+ 32.Kd5 Qd3+ 33.Kxc5 b6+  0-1

[Event "23rd Open"]
[Site "Cappelle la Grande FRA"]
[Date "2007.03.07"]
[Round "6"]
[White "Warakomski,T"]
[Black "Kryvoruchko,Y"]
[Result "0-1"]
[WhiteElo "2486"]
[BlackElo "2592"]

1.e4 c5 2.Nf3 Nc6 3.Bb5 g6 4.Bxc6 bxc6 5.O-O Bg7 6.Re1 Nf6 7.e5 Nd5 8.c4 Nc7
9.d4 cxd4 10.Qxd4 O-O 11.Qh4 f6 12.exf6 exf6 13.Nc3 Ne6 14.Be3 f5 15.Qxd8 Rxd8
16.Na4 d5 17.cxd5 cxd5 18.Ng5 d4 19.Nxe6 Bxe6 20.Bf4 Bf7 21.b3 d3 22.Rad1 Rac8
23.Rc1 Rc2 24.Rxc2 dxc2 25.Kf1 Be8 26.Rc1 Bb5+  0-1

[Event "I Open"]
[Site "La Laguna ESP"]
[Date "2007.03.07"]
[Round "4"]
[White "Spasov,V"]
[Black "Slaby,J"]
[Result "1/2-1/2"]
[WhiteElo "2588"]
[BlackElo "2453"]

1.e4 c5 2.Nf3 Nc6 3.Bb5 d6 4.Bxc6+ bxc6 5.O-O Bg4 6.c3 Nf6 7.Re1 e5 8.d3 Be7
9.h3 Bh5 10.Bg5 Nd7 11.Bxe7 Qxe7 12.Nbd2 O-O 13.Nf1 Bxf3 14.Qxf3 g6 15.Rad1 Qe6
16.Ne3 Qxa2 17.Nc4 Nb6 18.Ra1 Qb3 19.Nxd6 Qxb2 20.Qf6 Qxc3 21.Rac1 Qd2 22.Qxe5 Rad8
23.Qxc5 Qxd3 24.Rcd1 Qb3 25.Qxc6 Qe6 26.e5 Rd7 27.Qc1 Rfd8 28.Qh6 f5 29.Rc1 Nd5
30.Qg5 Rf8 31.Qd2 Ne7 32.Qa5 Nd5 33.Qd2 f4 34.Rcd1 Nb6 35.Qc3 f3 36.Ne4 Rxd1
37.Rxd1 fxg2 38.Nf6+ Kg7 39.Rd6 Qc8 40.Rc6 Qd8 41.Rd6 Qc8 42.Rc6 Qd8 43.Rc7+ Rf7
44.Nh5+ Kg8 45.Nf6+ Kg7 46.Ne8+ Kg8 47.Nf6+ Kg7  1/2-1/2

[Event "TCh-AUT 2006-7"]
[Site "Mattersburg AUT"]
[Date "2007.03.08"]
[Round "8"]
[White "Kaspret,G"]
[Black "Volkmann,F"]
[Result "0-1"]
[WhiteElo "2322"]
[BlackElo "2418"]

1.e4 c5 2.Nf3 Nc6 3.Bb5 e6 4.O-O Nge7 5.Re1 a6 6.Bf1 d5 7.exd5 Qxd5 8.Nc3 Qd8
9.b3 Nf5 10.Bb2 Be7 11.Ne4 O-O 12.c3 b6 13.d4 cxd4 14.cxd4 Bb7 15.a3 Rc8
16.Rc1 Ncxd4 17.Nxd4 Rxc1 18.Qxc1 Nxd4 19.Ng3 Qd5 20.Bxd4 Qxd4 21.Nf5 Qf6
22.Qc7 Bxa3 23.Qxb7 Qxf5 24.Bxa6 Bc5 25.Qf3 Qxf3 26.gxf3 Rd8 27.Kf1 g6 28.Bc4 Kg7
29.Re2 Kf6 30.Ra2 Rd4 31.h3 Kg5 32.Kg2 Rf4 33.Rd2 Rf5 34.Rd7 Kf4 35.Be2 e5
36.h4 h5 37.Bd3 Rf6 38.Bc4 g5 39.hxg5 Kxg5 40.Bd5 Kg6 41.Rc7 Rf4 42.Be4+ f5
43.Rc6+ Kg5 44.Bd3 Rd4 45.Be2 Rd2 46.b4 Bd4 47.Kf1 b5 48.Rc8 Rb2 49.Rg8+ Kf4
50.Rf8 h4 51.Rh8 Rxb4 52.Rxh4+ Kg5 53.Rh8 Rb1+ 54.Kg2 Rb2 55.Kf1 b4 56.Rg8+ Kf4
57.Rf8 b3 58.Rb8 Rb1+ 59.Kg2 b2 60.Rf8 Rg1+  0-1

[Event "ch-TUR"]
[Site "Ankara TUR"]
[Date "2007.03.09"]
[Round "9"]
[White "Yildiz,B"]
[Black "Can,E"]
[Result "0-1"]
[WhiteElo "2194"]
[BlackElo "2409"]

1.e4 c5 2.Nf3 Nc6 3.Bb5 g6 4.Bxc6 dxc6 5.d3 Bg7 6.h3 Nf6 7.Nc3 Nd7 8.Be3 e5
9.Qd2 h6 10.O-O-O Qe7 11.Kb1 Nf8 12.Ne2 b6 13.c3 Ba6 14.Qc2 O-O-O 15.Nc1 Ne6
16.Qa4 Kb7 17.Rhe1 Rd7 18.Ng1 Rhd8 19.Qc2 Rd6 20.Nge2 Qd7 21.c4 f5 22.exf5 gxf5
23.Ng3 Qf7 24.Qe2 f4 25.Ne4 fxe3 26.Nxd6+ Rxd6 27.fxe3 Qg6 28.Qg4 Qxg4 29.hxg4 Kc7
30.Ne2 e4 31.dxe4 Rxd1+ 32.Rxd1 Bxc4 33.Ng3 Ng5 34.Nf5 Bf8 35.e5 Nf7 36.Rh1 Bd3+
37.Kc1 Bxf5 38.gxf5 Nxe5 39.Kd2 Nc4+ 40.Ke2 Nxb2 41.g4 Kd6 42.g5 hxg5 43.Rh8 Bg7
44.Rh7 Bf6 45.Rxa7 c4 46.Rf7 Ke5 47.Rc7 Kd6 48.Rf7 Be5 49.Rf8 c3 50.Rg8 Nc4
51.Kd3 Na3 52.Rg6+ Kd7  0-1

[Event "TCh-AUT 2006-7"]
[Site "Mattersburg AUT"]
[Date "2007.03.09"]
[Round "9"]
[White "Weiss,C"]
[Black "Lendwai,R"]
[Result "1-0"]
[WhiteElo "2469"]
[BlackElo "2428"]

1.e4 c5 2.Nf3 Nc6 3.Bb5 g6 4.O-O Bg7 5.Nc3 Nd4 6.Nxd4 cxd4 7.Ne2 e6 8.c3 Qb6
9.Bd3 dxc3 10.dxc3 Ne7 11.Be3 Qc7 12.Qa4 O-O 13.Rad1 d5 14.Nd4 Bd7 15.Qa3 Bc6
16.Nxc6 Nxc6 17.exd5 exd5 18.Be2 Rfd8 19.Bg5 f6 20.Be3 Kh8 21.Qb3 Na5 22.Qb5 Nc4
23.Bxc4 Qxc4 24.Qxb7 a5 25.b3 Qxc3 26.Rxd5 Rdb8 27.Qd7 Qc2 28.Rd2 Qe4 29.Rc1 Qe8
30.Qxe8+ Rxe8 31.Rd7  1-0

[Event "TCh-AUT 2006-7"]
[Site "Mattersburg AUT"]
[Date "2007.03.09"]
[Round "9"]
[White "Watzka,H"]
[Black "Hoellrigl,W"]
[Result "1/2-1/2"]
[WhiteElo "2316"]
[BlackElo "2256"]

1.e4 c5 2.Nf3 Nc6 3.Bb5 g6 4.O-O Bg7 5.Re1 Nf6 6.e5 Nd5 7.Nc3 Nc7 8.Bxc6 dxc6
9.Ne4 b6 10.Nf6+ Kf8 11.Ne4 Bg4 12.d3 Bxe5 13.Nxe5 Bxd1 14.Bh6+ Kg8 15.Nxc6 Bxc2
16.Nf6+ exf6 17.Ne7+ Qxe7 18.Rxe7 Ne6 19.Re1 Ng7 20.g4 Bxd3 21.Rc7 f5 22.f3 Bc4
23.Ree7 Re8 24.Rxa7 fxg4 25.fxg4 Rxe7 26.Rxe7 Be6 27.h3 Kf8 28.Rb7 Bc8 29.Rb8 Ke7
30.Bxg7 Rd8 31.Rxb6 Be6 32.Rb7+ Kd6 33.Bf6 Ra8 34.a3 Ra4 35.Rb8 Kd5 36.Rd8+ Ke4
37.Rd2 Ke3 38.Rc2 c4 39.Rc3+ Ke4 40.Kf2 Ra6 41.Re3+ Kd5 42.Kg3 Rd6 43.b3 cxb3
44.Rxb3 Ra6 45.Be7 Ra4 46.Bb4 Ra6 47.Rb1 f5 48.Kf4 h6 49.Rd1+ Kc4  1/2-1/2

[Event "23rd Open"]
[Site "Cappelle la Grande FRA"]
[Date "2007.03.10"]
[Round "9"]
[White "Warakomski,T"]
[Black "Kritz,L"]
[Result "1-0"]
[WhiteElo "2486"]
[BlackElo "2597"]

1.e4 c5 2.Nf3 Nc6 3.Bb5 d6 4.O-O Bd7 5.c3 Nf6 6.Re1 a6 7.Ba4 b5 8.Bc2 e5
9.d4 Be7 10.h3 O-O 11.Nbd2 cxd4 12.cxd4 Qc7 13.a3 Rac8 14.d5 Na5 15.Bd3 Ne8
16.b4 Nc4 17.Nxc4 bxc4 18.Bc2 f5 19.Bg5 Bxg5 20.Nxg5 h6 21.Ne6 Bxe6 22.dxe6 fxe4
23.Bxe4 Qb6 24.Qc2 Nf6 25.Bg6 Rc7 26.Rad1 Rfc8 27.Re3 Kf8 28.Rg3 c3 29.e7+ Rxe7
30.Rxc3 Rxc3 31.Qxc3 Rc7 32.Qf3 Ke7 33.Qa8 d5 34.Qh8 Ke6 35.g4 e4 36.Qf8 Ke5
37.Re1 Rc2 38.Qe7+ Kf4 39.Rf1 Rc7 40.Qf8 Kf3 41.Bh5 Ke2 42.g5+ Nxh5 43.Qf5 Nf6
44.gxf6 Qxf6 45.Qh5+ Qf3 46.Qxd5 Qd3 47.Qh5+ Qf3 48.Qe5 Rc3 49.b5 e3 50.bxa6 Rc6
51.Qb2+ Kd3 52.Qb1+ Kd2 53.a7 e2 54.Qb2+ Kd3 55.Qb3+ Rc3 56.Qb5+ Kd2 57.Qb2+ Kd3
58.Re1 Rc7 59.a8=Q  1-0

[Event "TCh-FIN 2006-7"]
[Site "Helsinki FIN"]
[Date "2007.03.10"]
[Round "8"]
[White "Kosmo,S"]
[Black "Franssila,T"]
[Result "1/2-1/2"]
[WhiteElo "2267"]
[BlackElo "2287"]

1.e4 c5 2.Nf3 Nc6 3.Bb5 g6 4.O-O Bg7 5.c3 Nf6 6.Re1 O-O 7.e5 Nd5 8.d4 cxd4
9.cxd4 d6 10.Nc3 Nxc3 11.bxc3 Qa5 12.Bxc6 bxc6 13.exd6 exd6 14.Bf4 Rd8 15.Bg5 f6
16.Bd2 Bg4 17.h3 Bf5 18.Re7 Rd7 19.Qb3+ d5 20.Rxd7 Bxd7 21.Qb7 Qd8 22.Ne1 Qc8
23.Qxc8+ Bxc8 24.Nd3 Bf8 25.Nc5 Rb8 26.Kf1 Rb2 27.Ke1 a5 28.Kd1 Bxc5 29.dxc5 Bf5
30.Be3 Be4 31.g3 a4 32.a3 Bd3 33.h4 Kf7 34.Bd4 Bc4 35.Kc1 Re2 36.Kd1 Ke6
37.Rb1 Ra2 38.Rb6 Bb5 39.Rb7 Rxa3 40.Rxh7 Rb3 41.Kc2 Bc4 42.Ra7 Ra3 43.g4 Ra2+
44.Kb1 a3 45.h5 gxh5 46.gxh5 Rb2+ 47.Kc1 Rb3 48.Kc2 Rb2+ 49.Kc1  1/2-1/2

[Event "TCh-FIN 2006-7"]
[Site "Helsinki FIN"]
[Date "2007.03.10"]
[Round "8"]
[White "Raaste,E"]
[Black "Binham,T"]
[Result "0-1"]
[WhiteElo "2311"]
[BlackElo "2319"]

1.e4 c5 2.Nf3 Nc6 3.Bb5 Nf6 4.e5 Nd5 5.O-O g6 6.Bxc6 bxc6 7.d3 Bg7 8.b3 O-O
9.Re1 f6 10.Bb2 fxe5 11.Bxe5 Nf6 12.Nbd2 d6 13.Bb2 e5 14.c3 Nh5 15.d4 exd4
16.cxd4 Nf4 17.Nc4 Bg4 18.dxc5 Bxb2 19.Nxb2 Nxg2  0-1

[Event "TCh-AUT 2006-7"]
[Site "Mattersburg AUT"]
[Date "2007.03.10"]
[Round "10"]
[White "Hoellrigl,W"]
[Black "Volkmann,F"]
[Result "0-1"]
[WhiteElo "2256"]
[BlackElo "2418"]

1.e4 c5 2.Nf3 Nc6 3.Bb5 e6 4.O-O Nge7 5.c3 a6 6.Ba4 b5 7.Bc2 Bb7 8.Re1 Rc8
9.d4 cxd4 10.Nxd4 Qc7 11.Re2 Nxd4 12.cxd4 Bxe4 13.Bxe4 Qxc1 14.Nc3 Qxd1+
15.Rxd1 d5 16.Bf3 Kd7 17.g4 Ng6 18.Ree1 Bb4 19.Re3 Rc6 20.a4 bxa4 21.Nxa4 Nf4
22.Rb3 a5 23.h4 h5 24.gxh5 Nxh5 25.Be2 Ke7 26.Bb5 Rc7 27.Kg2 Nf4+ 28.Kg3 Bd6  0-1

[Event "TCh-BEL 2006-7"]
[Site "Belgium BEL"]
[Date "2007.03.11"]
[Round "10"]
[White "Jens,J"]
[Black "Philipowski,R"]
[Result "1/2-1/2"]
[WhiteElo "2371"]
[BlackElo "2298"]

1.e4 c5 2.Nf3 Nc6 3.Bb5 g6 4.O-O Bg7 5.Nc3 d6 6.e5 dxe5 7.Bxc6+ bxc6 8.Re1 f6
9.b3 Nh6 10.h3 O-O 11.Ba3 c4 12.bxc4 Ba6 13.d3 Qa5 14.Bb2 Rab8 15.Qc1 f5
16.Nd2 e4 17.Nb3 Qb4 18.Ne2 Bxb2 19.Qxb2 Qd6 20.Qc3 exd3 21.cxd3 c5 22.Rad1 e5
23.Qa5 Rbc8 24.Nc3 Rf7 25.Nb5 Bxb5 26.cxb5 Rd7 27.Rc1 Nf7 28.Qa3 Qxd3 29.Rxc5 Rcd8
30.Qc1 Rb7 31.Qe3 Qxe3 32.Rxe3 Rd1+ 33.Kh2 e4 34.a4 Nd6 35.Rec3 f4 36.g3 e3
37.fxe3 f3 38.Rc1 Rd3 39.R5c3 Rd5 40.e4 Nxe4 41.Rxf3 Nd2 42.Nxd2 Rxd2+ 43.Kg1 Ra2
44.Rc4 a6 45.Rb4 axb5 46.axb5 Rb6 47.Rf2 Ra3 48.Kg2 Re3 49.Rc2 Re5 50.Rc8+ Kf7
51.Rc7+ Ke6 52.Rc6+ Rxc6 53.bxc6 Rc5 54.Rb6 Kf5 55.Kf3 g5 56.Ke3 Ke5 57.g4 Rc3+
58.Kd2 Rc5 59.Kd3 Rc1 60.Rb5+ Kf6 61.Rb6 Ke5 62.Rb7 Rxc6 63.Rxh7 Kf4 64.Kd4 Rd6+
65.Kc5  1/2-1/2

[Event "TCh-FIN 2006-7"]
[Site "Helsinki FIN"]
[Date "2007.03.11"]
[Round "9"]
[White "Anttila,P"]
[Black "Verkasalo,T"]
[Result "1-0"]
[WhiteElo "2074"]
[BlackElo "2101"]

1.e4 c5 2.Nf3 Nc6 3.Bb5 g6 4.O-O Bg7 5.Re1 Nf6 6.c3 O-O 7.d4 cxd4 8.cxd4 d5
9.e5 Ne4 10.Nc3 Nxc3 11.bxc3 Qa5 12.Qb3 Bg4 13.Re3 Rac8 14.h3 Bd7 15.Bd2 Bh6
16.c4 dxc4 17.Bxc4 Qd8 18.Bxf7+ Rxf7 19.e6 Bxe6 20.Qxe6 Bxe3 21.fxe3 Kg7
22.Bc3 Nb8 23.Bb4 Na6 24.Ng5 Rf5 25.Bxe7 Qe8 26.Rf1 Rxg5 27.Bf6+ Kh6 28.Bxg5+ Kxg5
29.Qf6+ Kh6 30.Rf4 Rc1+ 31.Kh2 Qb8 32.g3 Rc2+ 33.Kg1 Qxf4 34.exf4 Rc6 35.Qf8+ Kh5
36.Qe7  1-0

[Event "Eastern Class Championships"]
[Site "Sturbridge USA"]
[Date "2007.03.11"]
[Round "5"]
[White "Curdo,J"]
[Black "Rizzitano,J"]
[Result "1-0"]
[WhiteElo "2221"]
[BlackElo "2342"]

1.e4 c5 2.Nf3 Nc6 3.Bb5 g6 4.O-O Bg7 5.c3 e5 6.d4 cxd4 7.cxd4 exd4 8.Bf4 Nge7
9.Bd6 O-O 10.Nbd2 a6 11.Bd3 h6 12.a4 g5 13.e5 Ng6 14.Re1 Nf4 15.Bf5 Re8 16.Nc4 b6
17.Qb3 Na5 18.Nxa5 bxa5 19.Be4 g4 20.Nxd4 Bxe5 21.Bxe5 Rxe5 22.Bxa8 Rxe1+
23.Rxe1  1-0

[Event "I Open"]
[Site "La Laguna ESP"]
[Date "2007.03.12"]
[Round "9"]
[White "Radovanovic,J"]
[Black "Garcia Blanco,O"]
[Result "1-0"]
[WhiteElo "2327"]
[BlackElo "2044"]

1.e4 c5 2.Nf3 Nc6 3.Bb5 e6 4.O-O Nge7 5.c3 g6 6.d4 cxd4 7.cxd4 d5 8.e5 Bg7
9.Nc3 O-O 10.Bd3 a6 11.Be3 b5 12.Rc1 f6 13.exf6 Bxf6 14.Re1 Bg7 15.Bb1 e5
16.Nxe5 Bxe5 17.dxe5 d4 18.Bh6 dxc3 19.Bxf8 Qxf8 20.Rxc3 Be6 21.Qd6 Bd5 22.Rd1 Rd8
23.Qf6 Qh6 24.Rh3 Qg7 25.f4 Rf8 26.Qxg7+ Kxg7 27.Rc3 Rc8 28.Rc5 Bf7 29.Rd6 Nb8
30.Rxc8 Nxc8 31.Rd8 Be6 32.Be4 a5 33.Bb7 Nb6 34.Rxb8 Na4 35.Bc6 Nxb2 36.Rxb5 Nc4
37.Bd5 Bxd5 38.Rxd5 a4 39.Rd7+  1-0

[Event "60th ch-RUS sf Urals"]
[Site "Nizhnij Tagil RUS"]
[Date "2007.03.14"]
[Round "1"]
[White "Sorokin,M"]
[Black "Berezov,V"]
[Result "1-0"]
[WhiteElo "2547"]
[BlackElo "2235"]

1.e4 c5 2.Nf3 Nc6 3.Bb5 d6 4.O-O Bd7 5.Re1 e6 6.c3 Qb6 7.Na3 a6 8.Bf1 Qc7
9.d4 e5 10.Nc4 Bg4 11.d5 Nb8 12.a4 Be7 13.h3 Bc8 14.Nfxe5 Qd8 15.Nf3 f6 16.Bf4 Kf7
17.b4 b6 18.a5 bxa5 19.bxc5  1-0

[Event "Victor Ciocaltea Mem"]
[Site "Bucharest ROM"]
[Date "2007.03.15"]
[Round "9"]
[White "Sanduleac,V"]
[Black "Grigore,Ge"]
[Result "0-1"]
[WhiteElo "2478"]
[BlackElo "2496"]

1.e4 c5 2.Nf3 Nc6 3.Bb5 g6 4.O-O Bg7 5.c3 Nf6 6.Qa4 O-O 7.d4 cxd4 8.cxd4 Nxe4
9.d5 Nc5 10.Qa3 Qb6 11.Nc3 Nd4 12.Nxd4 Bxd4 13.Bh6 d6 14.Bxf8 Kxf8 15.Rad1 Be5
16.Be2 Bf5 17.Nb5 Bd7 18.Nd4 Na4 19.Qe3 Nxb2 20.Rd2 Rc8 21.f4 Bxd4 22.Qxd4 Qxd4+
23.Rxd4 Na4 24.Rd2 b5 25.h3 b4 26.g4 a5 27.f5 Kg7 28.fxg6 hxg6 29.h4 Nc3
30.Ba6 Rc5 31.Rdf2 Be8 32.Re1 Nxd5 33.h5 gxh5 34.gxh5 e6 35.Rg2+ Kh6 36.Rf1 f5
37.Re2 Bf7 38.Rd2 Kxh5 39.Rg2 Ne3 40.Rh2+ Kg5 41.Re1 f4  0-1

[Event "ch-RUS U20 Girls"]
[Site "Saint Petersburg RUS"]
[Date "2007.03.15"]
[Round "6"]
[White "Fominykh,M"]
[Black "Nebolsina,V"]
[Result "0-1"]
[WhiteElo "2316"]
[BlackElo "2324"]

1.e4 c5 2.Nf3 Nc6 3.Bb5 g6 4.O-O Bg7 5.Re1 e5 6.Bxc6 dxc6 7.d3 Qe7 8.a4 Nf6
9.Na3 O-O 10.Nc4 Ne8 11.Be3 Nc7 12.h3 f6 13.Qb1 Be6 14.b3 Bf7 15.Qb2 Ne6
16.a5 f5 17.Bd2 f4 18.Ncxe5 Nd4 19.c3 Bxe5 20.cxd4 cxd4 21.Rec1 g5 22.a6 Rab8
23.axb7 Rxb7 24.Ra5 Bf6 25.e5 Bg7 26.Nxd4 Bd5 27.Nxc6 Qe6 28.Nb4 Bxe5 29.d4 Bxg2
30.Rxe5 Qxh3 31.Rxg5+ Rg7 32.Rxg7+ Kxg7 33.d5+ Kg8 34.f3 Bxf3 35.Bxf4 Qh1+
36.Kf2 Qg2+ 37.Ke3 Qxb2 38.Rg1+ Kf7 39.Nd3 Qe2+  0-1

[Event "60th ch-RUS sf Urals"]
[Site "Nizhnij Tagil RUS"]
[Date "2007.03.16"]
[Round "3"]
[White "Lobov,D"]
[Black "Kabanov,N"]
[Result "0-1"]
[WhiteElo "2152"]
[BlackElo "2526"]

1.e4 c5 2.Nf3 Nc6 3.Bb5 d6 4.O-O Bd7 5.Re1 a6 6.Bxc6 Bxc6 7.c3 Nf6 8.d4 Bxe4
9.Bg5 d5 10.Nbd2 Bg6 11.dxc5 e6 12.Qa4+ Qd7 13.Qh4 Bxc5 14.Ne5 Qe7 15.Nxg6 fxg6
16.c4 Rd8 17.Re2 O-O 18.Rae1 h6 19.Bxf6 Qxf6 20.Qg3 Qf4 21.Nb3 Bb4 22.Qxf4 Rxf4
23.Rd1 Rxc4 24.Nd4 Rdc8 25.g3 Rc1 26.Rxc1 Rxc1+ 27.Kg2 Rd1 28.Nxe6 g5 29.Nd8 d4
30.Re4 Rd2 31.a3 Bf8 32.b4 d3 33.Rd4 b5 34.Nc6 Rc2 35.Ne5 d2 36.Kf3 Be7 37.Nd7 g4+  0-1

[Event "56th ch-BUL w"]
[Site "Pernik BUL"]
[Date "2007.03.16"]
[Round "7"]
[White "Genova,Ly"]
[Black "Raeva,E"]
[Result "1/2-1/2"]
[WhiteElo "2214"]
[BlackElo "2207"]

1.e4 c5 2.Nf3 Nc6 3.Bb5 e6 4.Bxc6 bxc6 5.d3 d5 6.Qe2 Ne7 7.b3 Ng6 8.e5 Be7
9.g3 O-O 10.Bb2 f6 11.Nbd2 Qc7 12.O-O Bd7 13.h4 f5 14.h5 Nh8 15.Kg2 Nf7 16.Rh1 Nh6
17.Ng1 f4 18.Nh3 Rf5 19.Nxf4 Raf8 20.Nf3 Qb8 21.Nh4 Bxh4 22.Rxh4 Nf7 23.Re1 d4
24.Ba3 Rxe5 25.Qd1 Nh6 26.Rxe5 Qxe5 27.Qe2 Qd6 28.Nh3 Rf5 29.Bc1 Nf7 30.h6 g6
31.g4 Re5 32.Qf3 Qe7 33.g5 Rf5 34.Qg3 e5 35.Re4 Be6 36.Kh2 Bd5 37.Re2 Qd7
38.f4 Qe7 39.Re1 Qf8 40.a4 Nd8 41.Kg1 Nf7 42.fxe5 Nxe5 43.Bf4 Nf3+ 44.Kf2 Nxe1
45.Kxe1 Qf7 46.Kd2 Be6 47.Kc1 Rd5 48.Nf2 Bf5 49.Be5 Qe6 50.Bf4 Qe1+ 51.Kb2 c4
52.dxc4 Rd7 53.Bc1 Qe2 54.Nd3 Bxd3 55.Qxd3 Qxd3 56.cxd3 c5 57.a5 Kf7 58.b4 cxb4
59.Kb3 Rb7 60.Bb2 a6 61.Bxd4 Rd7 62.Bf6 Rxd3+ 63.Kxb4 Ke6 64.Kc5 Kd7 65.Kb6 Rd6+
66.Kc5 Rd1 67.Kb6  1/2-1/2

[Event "31st Conference"]
[Site "Blackpool ENG"]
[Date "2007.03.18"]
[Round "5"]
[White "Horner,J"]
[Black "Borchgrevink,H"]
[Result "0-1"]
[WhiteElo "2339"]
[BlackElo "2297"]

1.e4 c5 2.Nf3 Nc6 3.Bb5 g6 4.O-O Bg7 5.Re1 e5 6.d3 Nge7 7.Bg5 h6 8.Bxe7 Nxe7
9.Nc3 O-O 10.Bc4 d6 11.Nd2 Kh7 12.Nd5 Nc6 13.a3 f5 14.exf5 gxf5 15.f4 Rb8
16.c3 b5 17.Ba2 Ne7 18.Nf3 Ng6 19.h4 Nxh4 20.Nxh4 Qxh4 21.Qd2 a5 22.Rf1 Bd7
23.Rf3 exf4 24.Nxf4 Rbe8 25.Raf1 b4 26.Rh3 Qg5 27.Rff3 bxc3 28.bxc3 Be5 29.Bd5 Bxf4
30.Rxf4 Re5 31.c4 Rfe8 32.Qf2 Rf8 33.Rg3 Qf6 34.Kh2 Be6 35.Bxe6 Qxe6 36.Qf3 Qf7
37.Rh3 Rg8 38.Qf2 Rg6 39.Rhf3 Rg5 40.Rh3 Qe6 41.Rfh4 Rg6 42.Rg3 Rxg3 43.Qxg3 Re3
44.Qf4 Rxd3 45.Qf2 Qe5+ 46.g3 Re3 47.Kh3 Rxa3 48.Rf4 Kg6 49.Qd2 Re3 50.Qf2 a4
51.Rh4 a3  0-1

[Event "Open"]
[Site "Zagreb CRO"]
[Date "2007.03.18"]
[Round "2"]
[White "Mrdja,M"]
[Black "Vukusic,M"]
[Result "1-0"]
[WhiteElo "2397"]
[BlackElo "2118"]

1.e4 c5 2.Nf3 Nc6 3.Bb5 g6 4.h3 Bg7 5.Bxc6 dxc6 6.e5 Nh6 7.d3 Nf5 8.Bf4 Nd4
9.Nbd2 O-O 10.O-O h6 11.Re1 b6 12.Ne4 Be6 13.Nh2 g5 14.Bd2 Bxe5 15.f4 gxf4
16.Nxc5 Qd5 17.Ne4 Nf5 18.Nf3 Bd4+ 19.Nxd4 Qxd4+ 20.Kh2 Ne3 21.h4 Bd5 22.Bc3 Qa4
23.b3 Qa3 24.Rxe3 fxe3 25.Qg4+  1-0

[Event "Rector Cup m"]
[Site "Kharkiv UKR"]
[Date "2007.03.19"]
[Round "2"]
[White "Zubarev,Al1"]
[Black "Arzumanian,G"]
[Result "1/2-1/2"]
[WhiteElo "2514"]
[BlackElo "2474"]

1.e4 c5 2.Nf3 Nc6 3.Bb5 Nf6 4.e5 Nd5 5.O-O Nc7 6.Bxc6 dxc6 7.h3 g6 8.b3 Bg7
9.Bb2 O-O 10.a4 a5 11.Re1 Ne6 12.d3 b6 13.Nbd2 Ra7  1/2-1/2

[Event "Rector Cup w"]
[Site "Kharkiv UKR"]
[Date "2007.03.19"]
[Round "2"]
[White "Karlovich,A"]
[Black "Breslavskaya,M"]
[Result "1/2-1/2"]
[WhiteElo "2265"]
[BlackElo "1995"]

1.e4 c5 2.Nf3 Nc6 3.Bb5 g6 4.c3 Bg7 5.d4 Qa5 6.Bxc6 bxc6 7.O-O Ba6 8.Re1 Nf6
9.Nbd2 cxd4 10.Nb3 Qb6 11.cxd4 O-O 12.h3 d6 13.Bd2 Rab8 14.Rc1 Rfc8 15.Na5 c5
16.dxc5 Rxc5 17.Rxc5 Qxc5 18.b4 Qc7 19.Qb3 Qd7 20.a4 Bb7 21.Nxb7 Qxb7 22.Ng5 e6
23.Qd3 h6 24.Nf3 d5 25.exd5 Qxd5 26.Qc2 Qb7 27.Rc1 Nd5 28.b5 a6 29.bxa6 Qxa6
30.a5 Qb5 31.h4 Nb4 32.Qc7 Nd3 33.Rf1 Ne5 34.Nxe5 Bxe5 35.Qc2 Kg7 36.Qc1 h5
37.Re1 Bf6 38.Bc3 Qf5 39.a6 Ra8 40.Bxf6+ Qxf6 41.Qc6 Qd8 42.g3 Qc8 43.Qb7 Qxb7
44.axb7 Rb8 45.Rb1 e5 46.Kf1 Kf6 47.Ke2 g5 48.Rb6+ Kf5 49.Kf3 e4+ 50.Ke3 gxh4
51.gxh4 Kg4 52.Kxe4 Kxh4 53.Kd5 Kg4 54.Kc6 Kf3 55.Kc7 Rxb7+ 56.Kxb7 Kxf2
57.Rh6 f5 58.Kc6 f4 59.Kd5 f3 60.Kd4 h4 61.Rxh4 Kg3 62.Rh7 f2 63.Rg7+ Kh2
64.Rf7 Kg2 65.Rg7+ Kh2  1/2-1/2

[Event "ch-KAZ"]
[Site "Astana KAZ"]
[Date "2007.03.20"]
[Round "1"]
[White "Sadvakasov,D"]
[Black "Kuderinov,K"]
[Result "1-0"]
[WhiteElo "2615"]
[BlackElo "2436"]

1.e4 c5 2.Nf3 Nc6 3.Bb5 g6 4.Bxc6 dxc6 5.d3 Bg7 6.Nc3 Nf6 7.Be3 b6 8.Qd2 Bg4
9.O-O-O Nh5 10.Rdg1 Bxf3 11.gxf3 Qd6 12.f4 O-O-O 13.Ne2 Qf6 14.Qc3 Qxc3 15.bxc3 e6
16.Kb2 f5 17.e5 Rhg8 18.a4 Bf8 19.Kb3 Be7 20.d4 Kc7 21.h4 Ng7 22.Ra1 cxd4
23.cxd4 Nh5 24.c4 Rd7 25.a5 bxa5 26.Rxa5 Rb8+ 27.Kc2 Kc8 28.Rha1 Rb4 29.Bd2 Rbb7
30.Ra6 c5 31.Rc6+ Kb8 32.dxc5 Bxh4 33.Be3 Rb4 34.Kc3 Rdb7 35.Nd4 Rb2 36.Rxe6 Bxf2
37.Re8+ Kc7 38.Re7+ Kc8 39.Rxb7 Kxb7 40.c6+ Kb8 41.Kxb2 Bxe3 42.Kc3 Nxf4
43.Rb1+ Kc8 44.Rb7 h5 45.Nb5  1-0

[Event "Rector Cup m"]
[Site "Kharkiv UKR"]
[Date "2007.03.21"]
[Round "5"]
[White "Molnar,P SVK"]
[Black "Isajevsky,A"]
[Result "0-1"]
[WhiteElo "2353"]
[BlackElo "2464"]

1.e4 c5 2.Nf3 Nc6 3.Bb5 d6 4.O-O Bd7 5.c3 Nf6 6.Re1 a6 7.Ba4 b5 8.Bc2 e5
9.h3 Be7 10.d4 cxd4 11.cxd4 O-O 12.d5 Nb4 13.Bb3 a5 14.a4 bxa4 15.Bxa4 Bxa4
16.Rxa4 Nd7 17.Be3 Qb8 18.Nc3 Rc8 19.Qe2 Bd8 20.Rea1 Nc5 21.Bxc5 Rxc5 22.Ne1 g6
23.Nc2 Nxc2 24.Qxc2 Qc8 25.R1a3 Rb8 26.Rb3 Kg7 27.Rxb8 Qxb8 28.g3 h5 29.Kg2 h4
30.g4 Qb7 31.Qd2 Rc8 32.Ra3 Rc4 33.Ra4 Rxa4 34.Nxa4 Qb3 35.Nc3 Bb6 36.Nd1 Bd4
37.Kh2 Qf3 38.Qc2 Bb6 39.Qd2 Qxe4 40.Ne3 Qf3 41.b3 Bxe3  0-1

[Event "60th ch-RUS sf Urals"]
[Site "Nizhnij Tagil RUS"]
[Date "2007.03.22"]
[Round "9"]
[White "Lobov,D"]
[Black "Berezov,V"]
[Result "0-1"]
[WhiteElo "2152"]
[BlackElo "2235"]

1.e4 c5 2.Nf3 Nc6 3.Bb5 d6 4.O-O Bd7 5.Re1 e6 6.c3 a6 7.Bxc6 Bxc6 8.d4 cxd4
9.cxd4 d5 10.e5 Bb4 11.Nc3 Ne7 12.Bg5 h6 13.Bf4 Rc8 14.Rc1 O-O 15.a3 Bxc3
16.Rxc3 Bb5 17.Rxc8 Qxc8 18.Qd2 Qd7 19.g4 Kh7 20.h4 Rc8 21.h5 Qc7 22.Qb4 Nc6
23.Qd6 Qxd6 24.exd6 Nd8 25.g5 hxg5 26.Nxg5+ Kg8 27.h6 gxh6 28.Nf3 f6 29.Kh2 Rc2
30.Rg1+ Kh7 31.Bg3 Nf7 32.Re1 Bd7 33.Nh4 Ng5 34.Re3 Ne4 35.Kg2 Rxb2 36.Kf1 Rb6
37.Bh2 Nxd6 38.Rc3 Nc4 39.Nf3 Rb1+ 40.Ne1 Bb5  0-1